Vranovská kamenina : [katalog výstavy] /

Main Author: Novotná, Jarmila, 1941-
Other Authors: Šturc, Libor, 1960-, Janíčková, Miroslava
Language: Czech
Published: Brno : Památkový ústav, 1999
Edition: Vyd. 1.
Physical Description: 82 s. : barev. il. ; 24 cm
Book
Saved in:
LEADER 01480nam a2200397 a 4500
001 000474514
003 CZ BrMZK
005 20210121111725.0
007 ta
008 000115s1999 xr e c 0 cze d
015 |a cnb000966649 
020 |a 80-85032-72-4 
035 |a (OCoLC)78525878 
040 |a BOA001  |b cze 
043 |a e-xr---  |b e-xr-jm  |2 czenas 
045 |a v-w- 
072 7 |a 73  |x Sochařství, keramika, porcelán, umělecké zpracování kovů  |2 Konspekt  |9 21 
080 |a 738.3  |2 MRF 
080 |a 666.6  |2 MRF 
080 |a (437.322)  |2 MRF 
080 |a (083.824)  |2 MRF 
100 1 |a Novotná, Jarmila,  |d 1941-  |7 mzk2003200029  |4 aut 
245 1 0 |a Vranovská kamenina :  |b [katalog výstavy] /  |c [text: Jarmila Novotná, Libor Šturc, Miroslava Janíčková] 
250 |a Vyd. 1. 
260 |a Brno :  |b Památkový ústav,  |c 1999 
300 |a 82 s. :  |b barev. il. ;  |c 24 cm 
500 |a Vyd. při příl. výst. k 200. výr. zal. vranovské továrny na kameninu. - Bibliogr. 
648 7 |a 18.-19. století  |7 ch757018 
650 0 7 |a kamenina  |7 ph135179  |z Česko  |y 18.-19. století  |2 czenas 
651 7 |a Vranov nad Dyjí (Česko)  |7 ge131330  |2 czenas 
655 7 |a katalogy výstav  |7 fd132536  |2 czenas 
700 1 |a Šturc, Libor,  |d 1960-  |7 jn20010309608  |4 aut 
700 1 |a Janíčková, Miroslava  |7 mzk2010592200  |4 aut 
910 |a BOA001  |b 2-1071.636 
990 |a BK 
996 6 |b 2610112119  |c 2-1071.636  |l MZK  |r Sklad / do 1 hodiny  |n 4  |p p.v.  |w 000474514  |u 000010  |a 1  |e BOA001  |j MZK50  |s P